Statistics for Premier League Players By Letter - P

Click here to take the quiz!

General Stats

  • This quiz has been taken 147 times
    (138 since last reset)
  • The average score is 7 of 15

Answer Stats

First NameSurnameClub% Correct
DimitriPayetWest Ham
86%
AyozePerezNewcatle United
86%
GrazianoPelleSouthampton
77%
-PedroChelsea
58%
StevenPienaarEverton
58%
ErikPietersStoke City
56%
GabrielPaulistaArsenal
55%
NickPowellManchester United
51%
CostelPantilimonSunderland
50%
JasonPuncheonCrystal Palace
47%
AlexPritchardTottenham Hotspur
27%
SebastianPrödlWatford
23%
MarcPughBournemouth
23%
SébastienPocognoliWest Bromwich
12%
Juan CarlosParedesWatford
11%

Score Distribution

Percentile by Number Answered

Percent of People with Each Score

Your Score History

You have not taken this quiz since the last reset